000 00423nam a2200157 4500
001 126899
003 ES-MaACL
005 20230906192912.0
007 t|
008 070214s1929 po r ||||1| por d
100 1 _aRibeiro, Manuel.
_996755
245 1 0 _aO Alentejo /
_cManuel Ribeiro.
260 _aLisboa :
_b[s. n.],
_c1929 (
_fImp. Nacional)
300 _a36 p. :
_bil. ;
_c25 x 18 cm.
852 _aES-MaACL
_j1744-F-1
999 _c126899
_d126899